95 - Né(es) un 5 avril - Statistiques

Statistiques générales
  • Ce quiz a été pris 9 fois
  • Le résultat moyen est 5 sur 14
Statistiques - réponses
Hint Année de naissance Réponse % Correct
Président du Conseil des ministres du 21 février 1883 au 30 mars 1885. Son nom reste associé à "l'école publique laïque, gratuite et obligatoire". 1832 Jules Ferry
88%
Chanteur américain. Connu pour les singles "les singles Get Lucky" et "Lose Yourself to Dance". 1973 Pharrell Williams
75%
Actrice française. A réalisé "Mon père, ma mère, mes frères et mes sœurs", "Les Aristos", "Mince alors !", "Qui c'est les plus forts", "Mince alors 2 !". 1955 Charlotte de Turckheim
50%
Entraîneur de football français. Père d'un ancien international français souvent blessé. 1955 Christian Gourcuff
50%
Autrichien. Chef d'orchestre le plus enregistré du XXe siècle. 1908 Herbert von Karajan
38%
Producteur américain. Principalement connu pour avoir produit de nombreux "James Bond". 1909 Albert R. Broccoli
25%
Militaire américain. Chef d'État-Major des armées entre 1989 et 1993 puis secrétaire d'État entre 2001 et 2005. 1937 Colin Powell
25%
Actrice française révélée dans "La Vie rêvée des anges" en 1998. 1973 Élodie Bouchez
25%
Acteur américain. Vu dans "Duel au soleil" (1946), "Le Mur Invisible" (1947), "Capitaine sans peur" (1951), "Vacances romaines" (1953), "Moby Dick" (1956), "Les Canons de Navarone" (1961), "Les Nerfs à vif" (1962), "La Malédiction" (1976). 1916 Gregory Peck
25%
Peintre français. Il est l'un des principaux représentants du style rococo français. Connu pour le tableau "Le Verrou". 1732 Jean-Honoré Fragonard
25%
Homme politique, philosophe et militaire corse. Il proclama l'indépendance de l'île en 1755. 1725 Pascal Paoli
25%
Actrice française qui a débuté dans "Classe mannequin". Vue dans "Cœurs Caraïbes", "Demain nous appartient", "Central Nuit", "Ici tout commence". 1973 Vanessa Demouy
25%
Actrice américaine. Surnommée la "reine d'Hollywood", la "reine des Studios Warner" et la "première dame du grand écran américain". Oscars de la meilleure actrice en 1936 et en 1939. 1908 Bette Davis
13%
Acteur américain. Vu dans "Ceux de la zone", "Furie", "Capitaines courageux", "Des hommes sont nés", "Docteur Jekyll et M. Hyde", "La Femme de l'année", "Un homme est passé", "Devine qui vient dîner...". 1900 Spencer Tracy
13%
Aucun quiz correspondant
Distribution des résultats
% des personnes avec chaque résultat
Percentile par nombre de réponses
Votre historique - résultats
Vous n’avez pas pris ce quiz